Ingrédients du Kouign-Amann - Statistiques

Statistiques générales
  • Ce quiz a été pris 110 fois
  • Le résultat moyen est 4 sur 6
Statistiques - réponses
Ingrédients % Correct
Beurre Salé
99%
Sucre
95%
Farine
90%
Sel
56%
Levure
55%
Eau
47%
Aucun quiz correspondant
Distribution des résultats
% des personnes avec chaque résultat
Percentile par nombre de réponses
Votre historique - résultats
Vous n’avez pas pris ce quiz